000 00374nam a22001337a 4500
003 SGT
020 _a9789385144004
082 _a080
_bD15S
100 _aसिंह, जयपाल
245 _aदिनकर और शुद्ध कविता की खोज
260 _b शिवालिक प्रकाशन
_c2015
300 _a127
942 _2ddc
_cBK
999 _c31630
_d31630